| 000 | 00483pam a2200181 a 4500 | ||
|---|---|---|---|
| 020 | _a0070451257 : | ||
| 040 | _cDLC | ||
| 082 | 0 | 0 | _a576 MCG 1985 A028 Or. |
| 100 | 1 | _aMcKane, Larry. | |
| 245 | 1 | 0 |
_aMicrobiology : _bessentials and applications / |
| 260 |
_aNew York : _bMcGraw-Hill, _cc1985. |
||
| 300 |
_axvi, 777 p. : _bill. (some col.) ; _c25 cm. |
||
| 500 | _aIncludes index. | ||
| 650 | 0 | _aMicrobiology. | |
| 650 | 2 | _aMicrobiology. | |
| 700 | 1 | _aKandel, Judy. | |
| 942 | _cEK | ||
| 999 |
_c12830 _d12830 |
||